000 00884nam a22002897a 4500
001 7034
003 FISKH
005 20250619101056.0
008 250619b cb ||||| |||| 00| 0 eng d
020 _a0786800593
040 _aFISKH
_beng
_cFISKH
_dFISKH
050 _aPZ7.Y44 L
082 _a380
100 _aYeb, Laurence
_d(1948-)
245 _aLater, gator /
_cLaurence Yeb
250 _aThis edition first published in 1995
260 _aNew York :
_bHyperion,
_c1995
300 _a122 pages :
_c20 cm
505 _aN
520 _aTeddy finds that his imagination has gotten him into trouble once more, when he buys his younger brother Bobby an alligator for his birthday.
521 8 _a590
_bLexile
521 8 _aN
_bRaz-Plus
650 _2Chinese Americans
_aLexile
650 _2Realistic fiction
_aChapter book
942 _2ddc
_cBK
_n0
999 _c7034
_d7034